Héros de Bandes Dessinées # 3 - Statistiques

Statistiques générales
  • Ce quiz a été pris 168 fois
  • Le résultat moyen est 9 sur 22
Statistiques - réponses
Par images Réponse % Correct
Cédric
89%
le Chat
86%
Snoopy
82%
Bécassine
75%
Léonard
74%
Pif
54%
Alix
52%
Hercule
46%
l'Agent 212
45%
Thorgal
45%
Calvin et Hobbes
35%
Tamara
34%
les Pieds Nickelés
31%
les Triplés
31%
Charlie Brown
30%
Tanguy et Laverdure
26%
Agrippine
23%
Soda
20%
Mandrake le Magicien
17%
Litteul Kevin
13%
Lucien
13%
Tsagoï
2%
Aucun quiz correspondant
Distribution des résultats
% des personnes avec chaque résultat
Percentile par nombre de réponses
Votre historique - résultats
Vous n’avez pas pris ce quiz